Redbull Sorten - Statistiken

Allgemein
  • Dieses Quiz wurde 16 mal gespielt
  • Das Durchschnittsergebnis liegt bei 4 aus 9
Antwortstatistiken
Hint Antwort % Korrekt
Peach Edition Weißer Pfirsich
80%
Green Edition Kaktusfrucht
60%
Blue Edition Heidelbeere
53%
Sea Blue Edition Juneberry
53%
Apricot Edition Aprikose-Erdbeere
33%
White Edition Kokos-Blaubeere
33%
Pink Edition Waldbeere
33%
Lilac Edition Waldmeister-Pink-Grapefruit
27%
Spring Edition 2026 Kirschblüte
7%
Keine übereinstimmenden Quizze gefunden
Verteilung der Resultate
Anzahl Personen mit jedem Resultat
Perzentil nach korrekt beantworteten Fragen
Ihre Resultats-Entwicklung
Sie haben dieses Quiz noch nicht gespielt